| 000 | 00733nam a22002537a 4500 | ||
|---|---|---|---|
| 001 | 240034 | ||
| 003 | DO-SdBNP | ||
| 005 | 20160707142030.0 | ||
| 007 | 240034 | ||
| 008 | 160322b 2001 flu ||||| |||| 00| 0 spa d | ||
| 020 | _a0153120487 | ||
| 040 |
_aBPMSU _bspa _cBPMSU |
||
| 092 |
_axxxx _bxxxx |
||
| 100 | 1 | _aFarr, Roger C. | |
| 245 | 1 | 0 |
_aTouch a dream / _cRoger C. Farr, Dorothy S. Strickland, Isabel L. Beck. |
| 260 |
_aOrlando, FL : _bHarcourt, _c2001. |
||
| 300 |
_a653 p. : _bil. ; _c26 cm. |
||
| 490 | 1 | _aA Harcourt reading/language arts program. | |
| 700 | 1 | 2 | _aStrickland, Dorothy S. |
| 700 | 1 | 2 | _aBeck, Isabel L. |
| 830 | 0 | _aA Harcourt reading/language arts program. | |
| 942 |
_2ddc _cBK |
||
| 956 |
_2LOPEREZ _310 |
||
| 999 |
_c9371 _d9371 |
||